Studies in European realism: a sociological survey of the writings of Balzac, Stendhal, Zola, Tolstoy, Gorki and others (Record no. 26052)

MARC details
000 -LEADER
fixed length control field 00335nam a2200097Ia 4500
008 - FIXED-LENGTH DATA ELEMENTS--GENERAL INFORMATION
fixed length control field 231207s9999 xx 000 0 und d
082 ## - DEWEY DECIMAL CLASSIFICATION NUMBER
Classification number 808.84
Item number LUK
100 ## - MAIN ENTRY--PERSONAL NAME
Author Name Lukacs, Georg
245 #0 - TITLE STATEMENT
Title Studies in European realism: a sociological survey of the writings of Balzac, Stendhal, Zola, Tolstoy, Gorki and others
260 ## - PUBLICATION, DISTRIBUTION, ETC.
Name of publisher, distributor, etc. The Merlin Press
999 ## -
-- 26052
-- 26052
Holdings
Withdrawn status Weedout from Library Permanent Location Current Location Shelving location Date acquired Full call number Barcode Price effective from Koha item type
    NATIONAL COLLEGE OF ARTS, LAHORE - LIBRARY NATIONAL COLLEGE OF ARTS, LAHORE - LIBRARY   08/12/2023 808.84 LUK 30445 08/12/2023 Book